000 00971cam a2200253 a 4500
001 000012360
005 20250513114214.0
008 890605s1988 cl b i001 0 spa
035 _a(DLC) 89148796
040 _aDO-SdBNP
_cDLC
_dBNPHU
082 _a370
_bG145e
100 1 _aGajardo, Marcela.
_929037
245 1 0 _aEnsenanza básica en las zonas rurales :
_bexperiencias innovadoras /
_cMarcela Gajardo.
260 _aSantiago, (Chile) :
_bUnesco :
_bOREALC,
_c1988.
300 _a103 p. ;
_c23 cm.
504 _aBibliografía: p. [99]-103.
650 4 _aEducación fundamental
_zAmérica Latina
_929038
650 4 _aEducación rural,
_zAmérica Latina, Tercera Región
_xInvestigaciones
_929039
650 0 _aInnovaciones educativas
_917115
650 4 _aEducación primaria
_xMétodos experimentales
_929040
710 1 _aUnesco.
_bOficina Regional de Educación para América Latina y el Caribe.
_929041
910 _aCatalogación por copia / LC
049 _aBNGR
999 _c12017
_d12017